Kriger etter 1945 - Statistics

General Stats
  • This quiz has been taken 26 times
    4 since last reset
  • The average score is 6 of 26
Answer Stats
Hint Answer % Correct
1964-75 - Nord-Vietnam og Viet Cong vs. Sør-Vietnam og USA Vietnamkrigen
100%
1950-53 - Nord-Korea og Kina vs. Sør-Korea, USA og FN Koreakrigen
75%
2014/2022- Russland vs. Ukraina Krigen i Ukraina
75%
1967 - Israel vs. Egypt, Syria og Jordan 6-dagerskrigen
50%
1994 - under en borgerkrig drepte hutuer 1 million tutsier Folkemordet i Rwanda
50%
2003-11 - USA og allierte vs. Irak, og så opprørere Irakkrigen
50%
1954-62 - antikolonialister i Algerie vs. Frankrike Algeriekrigen
25%
2011- - opprørere vs. Syria og allierte Borgerkrigen i Syria
25%
1947-48 - India vs. Pakistan Den første Kashmir-krigen
25%
1994-96 + 99-2009 - separatister vs. Russland Første + Andre Tsjetsjenia-krigen
25%
1990-91 - Irak vs. Kuwait og en internasjonal koalisjon Gulfkrigen
25%
1973 - Egypt og Syria vs. Israel Yom Kippur-krigen
25%
1967-70 - separatister vs. Nigeria Biafrakrigen
0%
1991-95 - separatister i Makedonia, Slovenia, Kroatia og Bosnia vs. Serbia og bosniske serbere Borgerkrigen i Jugoslavia
0%
2011 - opprørere og NATO vs. Libya Borgerkrigen i Libya
0%
1979-89 - USSR og Afghanistan vs. opprørere Den afghansk-sovjetiske krigen
0%
1998-2003 - Kongo og allierte vs. opprørere, Rwanda, Burundi og Uganda Den andre Kongokrigen
0%
1971 - separatister og India vs. Pakistan Den bangladeshiske frigjøringskrigen
0%
1948-49 - Egypt, Jordan, Syria, Libanon, Irak vs. Israel Den første arabisk-israelske krigen
0%
1946-54 - antikolonialister i Vietnam, Laos og Kambodsja vs. Frankrike Den første indokinesiske krigen
0%
1991- - opprørere vs. Somalia Den somaliske borgerkrigen
0%
1980-88 - Irak vs. Iran Iran-Irak-krigen
0%
1998-99 - separatister og NATO vs. Serbia Kosovokrigen
0%
2001-21 - USA og NATO vs. Taliban Krigen i Afghanistan
0%
2014-22 - separatister i østlige Ukraina og Russland vs. Ukraina Krigen i Donbas
0%
1977-78 - Somalia vs. Etiopia, Cuba og USSR Ogaden-krigen
0%
No matching quizzes found
Score Distribution
Percent of People with Each Score
Percentile by Number Answered
Your Score History
You have not taken this quiz since the last reset